| 000 | 00610nam a2200169 a 4500 | ||
|---|---|---|---|
| 005 | 20140412111359.0 | ||
| 008 | 060126s19uu xx 00 eng d | ||
| 020 | _a0-439-43828-4 | ||
| 050 |
_aTR(GS 510.7 _bR63 2003 |
||
| 100 | _aRogers, Sarah E. | ||
| 245 |
_aMunchie math, Grades K-2 / _cby Sarah Rogers Eckenrode and Linda K. Rogers. |
||
| 260 |
_aNew York : _bScholastic Inc., _c2003. |
||
| 300 | _a78 p. ; ill. | ||
| 520 | _aDozens of skills-building math activities that use edible manipulatives to help kids meet the NCTM Standards. | ||
| 650 |
_aMathematics _xJuvenile literature |
||
| 999 |
_c105444 _d105444 |
||